Statistiques concernant Les chansons de l'année 1975

Cliquez ici pour prendre le quiz!

Statistiques générales

  • Ce quiz a été pris 99 fois
  • Le résultat moyen est 5 sur 30

Statistiques - réponses

ArtisteTitre% Correct
Nino FerrerLe sud
67%
ChristopheLes mots bleus
66%
Joe DassinL'été Indien
53%
Pierre PerretLe zizi
53%
Annie CordyLa bonne du curé
51%
Il était une foisJ'ai encore rêvé d'elle
42%
Alain Barrière/Noëlle CordierTu t'en vas
28%
Michel DelpechLe chasseur
20%
Gérard LenormanLa ballade des gens heureux
19%
Martin CircusMarylène
17%
Michel SardouLe France
12%
Mike BrantDis-lui
11%
Gérard MansetIl voyage en solitaire
10%
Ten CCI'm not in love
10%
Nicolas PeyracEt mon père
8%
NestorLa pêche aux moules
7%
Nicole CroisilleUne femme avec toi
5%
Choolat'sBrasilia Carnaval
4%
DaveDansez maintenant
4%
Billy SwanI can help
4%
AbbaI do I do
4%
Jean-Claude BorellyDolannes Melodie
2%
Claude FrançoisLe chanteur malheureux
2%
Michel FugainLes Acadiens
2%
SheilaQuel tempérament de feu
1%
Johnny HallidayHey Lovely lady
0%
Daniel GuichardJe t'aime tu vois
0%
Sylvie VartanLa drôle de fin
0%
William ShellerRock'en dollars
0%
Saint-PreuxYour hair
0%

Distribution des résultats

Percentile par nombre de réponses

% des personnes avec chaque résultat

Votre développement - résultats

Vous n’avez pas pris ce quiz